| 000 | 00771nam a2200217 i 4500 | ||
|---|---|---|---|
| 001 | 75644 | ||
| 003 | ES-MaACL | ||
| 005 | 20251013212805.0 | ||
| 007 | t| | ||
| 008 | 040927s1984 sp ||||1| spa d | ||
| 100 | 1 |
_aGruber, Howard E. _960227 |
|
| 245 | 1 | 0 |
_aDarwin sobre el hombre _b: un estudio psicológico de la creatividad científica / _cHoward W. Gruber ; prólogo a la primera ed. de Jean Piaget ; versión de Tomás del Amo Martín. |
| 260 |
_a[Madrid] : _bAlianza, _c1984. |
||
| 300 |
_a366 p. : _bil. ; _c20 cm. |
||
| 490 | 1 | _aAlianza universidad | |
| 700 | 1 |
_aPiaget, Jean, _d1896-1980 _991738 |
|
| 700 | 1 |
_aAmo Martín, Tomás del. _921281 |
|
| 830 | 0 |
_aAlianza universidad _9177276 |
|
| 852 |
_aES-MaACL _jL-6414 _bR.107080 |
||
| 999 |
_c75644 _d75644 |
||